000
00287nam a22001097a 4500
008
160613b xxu||||| |||| 00| 0 eng d
020
_a
0867204362
041
_a
eng
080
_a
618.2
245
_a
Nursing assessment and diagnosis:
_c
Janis P. Bellack; Barbara J. Edlund;
942
_2
udc
_c
BK
999
_c
2484
_d
2484